LEADER 01697nam a2200289 i 4500 001 000000229560 003 CaOOAMICUS 005 20220527102458.0 008 140513s1786 it u000 u ita u 013 $a208462 026 $aeaa- o.sa ria- cite (3) 1786 (R) 040 $aSeMil$bita 100 1 $aDucontant de la Molette, Philippe <1737-1793>.$0(OLS)http://semarc/name/13628 240 10$aEssai sur l'Ecriture Sainte, ou tableau historique des avantages quel'on peut retirer des languages orientales.$0(OLS)http://semarc/title/328321 245 10$aSaggio sopra la santa scrittura ovvero Descrizione de' vantaggi, che trar si possono dalle lingue orientali per l'intelligenza perfetta de' sacri libri .. dell'abate Du Contant de la Molette .. Tradotto dal francese da Giuseppe Antonio .. Cornaro. 260 $aIn Venezia :$bAppresso Simone Occhi,$c1786. 300 $a312 p. ;$c8°. 500 $aCors. ; ebr. ; rom. 500 $aSegn.: A-T8 V4 650 4$aBibbia - Lingua, stile.$0(OLS)http://semarc/subject/7013 700 1 $aCornaro, Giuseppe Antonio.$0(OLS)http://semarc/name/13627 700 1 $aOcchi, Simone,$c.$0(OLS)http://semarc/name/2607 850 $aSeMil 852 $aSeMil$W1$xVenegono$y1$m2V II 62 FA$j179906$B179906$CSeMilBibl$Z2$F191013 $8I 996 $6245$aSaggio sopra la santa scrittura ovvero Descrizione de' vantaggi, che trar si possono dalle lingue orientali per l'intelligenza perfetta de' sacri libri .. dell'abate Du Contant de la Molette .. Tradotto dal francese da Giuseppe Antonio .. Cornaro$9(OLS)http://semarc/title/328320 996 $6260$aIn Venezia :$bAppresso Simone Occhi$9(OLS)http://semarc/publisher/32635 LEADER 01108nam a2200253 i 4500 001 000000178585 003 CaOOAMICUS 005 20090331000000.0 008 090331s1981 it u000 u ita u 013 $a156158 040 $aSeMil$bita 245 10$aCostituzione dei fronti, tentativi di unione. Divisione definitiva. 300 $a396 p. 490 0 $aGià e non ancora [Jaca Book] ;$v73 500 $aContiene : Appendice bibliografica ; Tavole cronologiche. 650 4$aGermania - Storia.$0(OLS)http://semarc/subject/668 650 4$aRiforma protestante.$0(OLS)http://semarc/subject/4876 700 1 $aLortz, Joseph,$d<1887-1975>.$0(OLS)http://semarc/name/671 773 0 $aLortz, Joseph <1887-1975>$tRiforma in Germania.$dMilano : Jaca Book, 1971-$gVol.2$w()1055 830 0$aGià e non ancora ;$v73.$0(OLS)http://semarc/title/5902 850 $aSeMil 852 $aSeMil$W1$xVenegono$y1$m3A III 199$j129358$B129358$CSeMilBibl$Z2$F140607 $81 961 $aOmaggio: Conti Franco 996 $6245$aCostituzione dei fronti, tentativi di unione. Divisione definitiva$9(OLS)http://semarc/title/256500